000 00453nam a2200181Ia 4500
005 20250603144534.0
008 250603s9999 xx 000 0 und d
020 _a9783030916886
050 _aQM 25 .A85/
100 _aEdited by Favorito, Luciano Alves and Logsdon, Natasha T.
245 0 _aAtlas of Sectional Anatomy
260 _aSwitzerland
260 _bSpringer
260 _c2022
300 _a7 p
650 _aSwitzerland
942 _cBK
999 _c39221
_d39221